Países que começam com as letras "Q" e "R" - Statistics

Estatísticas Gerais
  • Esse quiz foi jogado 828 vezes
    825 desde o último reset
  • A pontuação média é 6 de 8
Estatísticas das Respostas
Países % Correto
QUÊNIA
93%
RUANDA
89%
ROMÊNIA
86%
RÚSSIA
84%
QUIRIGUISTÃO
75%
REPÚBLICA DOMINICANA
60%
REPÚBLICA TCHECA
59%
REPÚBLICA CENTRO-AFRICANA
50%
Nenhum quiz correspondente encontrado
Distribuição das Pontuações
Porcentagem de Pessoas com Cada Pontuação
Percentil de Números Respondidos
Sua Pontuação Histórica
Você não jogou esse quiz desde o último reset